Complétez le nom de cet opéra célèbre - 2 - Statistiques

Statistiques générales
  • Ce quiz a été pris 185 fois
  • Le résultat moyen est 16 sur 20
Statistiques - réponses
Hint Extra Hint Réponse % Correct
La flûte Mozart 1791 enchantée
100%
Roméo et Gounod 1867 Juliette
99%
Jules Haendel 1724 César
93%
Le vaisseau Wagner 1843 fantôme
92%
Le roi d' Lalo 1888 Ys
91%
Orphée et Gluck 1762 Eurydice
89%
Les noces de Mozart 1786 Figaro
88%
Les vêpres De Falla 1905 siciliennes
87%
La force du Verdi 1862 destin
86%
Les Maîtres Wagner 1868 Chanteurs
80%
Madame Puccini 1904 Butterfly
79%
Samson et Saint-Saëns 1877 Dalila
78%
L'or du Wagner 1869 Rhin
77%
Guillaume Rossini 1829 Tell
77%
Les pêcheurs de Bizet 1863 perles
76%
Pélléas et Debussy 1902 Mélisande
73%
La fille du Donizetti 1840 régiment
68%
Lucie de Donizetti 1849 Lammermoor
60%
La muette de Auber 1828 Portici
49%
Les joyeuses commères de Nicolaï 1849 Windsor
46%
Aucun quiz correspondant
Distribution des résultats
% des personnes avec chaque résultat
Percentile par nombre de réponses
Votre historique - résultats
Vous n’avez pas pris ce quiz